[Event "VIE-ch"]
[Site "Ho Chi Minh City"]
[Date "2013.04.17"]
[Round "5"]
[White "Cao, Sang"]
[Black "Hoang Canh, Huan"]
[Result "1/2-1/2"]
[WhiteElo "2470"]
[BlackElo "2368"]
[PlyCount "65"]
[EventDate "2013.04.15"]
[EventType "swiss"]
[EventRounds "7"]
[EventCountry "VIE"]
[SourceTitle "CBM 154 Extra"]
[Source "ChessBase"]
[SourceDate "2013.06.25"]
[SourceVersion "2"]
[SourceVersionDate "2013.06.25"]
[SourceQuality "1"]

1. e4 c5 2. Nf3 e6 3. c4 d6 4. d4 cxd4 5. Nxd4 Nf6 6. Nc3 a6 7. Be2 Be7 8. 0-0 Qc7 9. Be3 Nbd7 10. Rc1 b6 11. f3 Bb7 12. Qd2 0-0 13. Rfd1 Rac8 14. Bf1 Kh8 15. Kh1 Rg8 16. b4 h6 17. b5 a5 18. Nc6 Bf8 19. Bf4 Ne8 20. Bg3 Bxc6 21. bxc6 Qxc6 22. Nb5 Qb7 23. Qe3 Rc6 24. Be2 Be7 25. f4 e5 26. Nc3 Nef6 27. Nd5 Re8 28. Rb1 exf4 29. Bxf4 Bd8 30. Bf3 Ne5 31. Bxe5 Rxe5 32. Qd4 Kg8 33. Rb5 1/2-1/2

[Event "VIE-ch"]
[Site "Ho Chi Minh City"]
[Date "2013.04.17"]
[Round "4"]
[White "Hoang Canh, Huan"]
[Black "Nguyen, Van Hai"]
[Result "1/2-1/2"]
[WhiteElo "2368"]
[BlackElo "2344"]
[PlyCount "60"]
[EventDate "2013.04.15"]
[EventType "swiss"]
[EventRounds "7"]
[EventCountry "VIE"]
[SourceTitle "CBM 154 Extra"]
[Source "ChessBase"]
[SourceDate "2013.06.25"]
[SourceVersion "2"]
[SourceVersionDate "2013.06.25"]
[SourceQuality "1"]

1. c4 Nf6 2. Nf3 g6 3. Nc3 d5 4. cxd5 Nxd5 5. Qc2 Nc6 6. e4 Ndb4 7. Qb1 Bg4 8. a3 Bxf3 9. axb4 Bg4 10. Bb5 Bd7 11. Bxc6 Bxc6 12. b5 Bd7 13. d4 Bg7 14. Qd3 e6 15. 0-0 0-0 16. Rd1 f5 17. Qg3 fxe4 18. Bg5 Qe8 19. Qxc7 Bxb5 20. Qxb7 Bc6 21. Qa6 Qd7 22. Qe2 Qb7 23. Be3 a5 24. Na4 Rfb8 25. Nc5 Qxb2 26. Qg4 Re8 27. Rdb1 Qc3 28. Rc1 Qb2 29. Rcb1 Qc2 30. Rc1 Qb2 1/2-1/2

[Event "VIE-ch"]
[Site "Ho Chi Minh City"]
[Date "2013.04.15"]
[Round "1"]
[White "Bui, Trong Hao"]
[Black "Hoang Canh, Huan"]
[Result "0-1"]
[WhiteElo "2142"]
[BlackElo "2368"]
[PlyCount "68"]
[EventDate "2013.04.15"]
[EventType "swiss"]
[EventRounds "7"]
[EventCountry "VIE"]
[SourceTitle "CBM 154 Extra"]
[Source "ChessBase"]
[SourceDate "2013.06.25"]
[SourceVersion "2"]
[SourceVersionDate "2013.06.25"]
[SourceQuality "1"]

1. d4 d6 2. Nf3 Nf6 3. c4 g6 4. g3 Bg7 5. Bg2 0-0 6. Nc3 Nc6 7. 0-0 a6 8. d5 Na5 9. Nd2 c5 10. Qc2 Rb8 11. Rb1 b5 12. b3 e6 13. Rd1 Re8 14. e3 exd5 15. Nxd5 Bf5 16. e4 Nc6 17. Bb2 Bg4 18. Bxf6 Bxf6 19. Re1 Bg7 20. Nf1 Nd4 21. Qd2 b4 22. h3 Bxh3 23. Qd3 Be6 24. Nfe3 a5 25. f4 a4 26. f5 Bxd5 27. Nxd5 Be5 28. Kf2 axb3 29. axb3 Ra8 30. Qd2 Qa5 31. Rh1 Qa2 32. Rb2 Qa3 33. Rbb1 Nxb3 34. Qh6 Qa2+ 0-1

[Event "Ho Chi Minh City HD Bank op 3rd"]
[Site "Ho Chi Minh City"]
[Date "2013.03.21"]
[Round "5"]
[White "Dao, Thien Hai"]
[Black "Hoang Canh, Huan"]
[Result "1/2-1/2"]
[WhiteElo "2521"]
[BlackElo "2371"]
[PlyCount "144"]
[EventDate "2013.03.19"]
[EventType "swiss"]
[EventRounds "9"]
[EventCountry "VIE"]
[SourceTitle "CBM 153 Extra"]
[Source "ChessBase"]
[SourceDate "2013.04.22"]
[SourceVersion "1"]
[SourceVersionDate "2013.04.22"]
[SourceQuality "1"]

1. d4 d5 2. c4 c6 3. Nf3 Nf6 4. Nc3 e6 5. e3 Nbd7 6. Qc2 dxc4 7. Bxc4 b5 8. Bd3 Bb7 9. e4 b4 10. Na4 c5 11. dxc5 Rc8 12. Be3 Qa5 13. 0-0 Bc6 14. b3 Bxa4 15. bxa4 Bxc5 16. Bg5 0-0 17. Rac1 h6 18. Bh4 g5 19. Bg3 g4 20. Ne5 Nxe5 21. Bxe5 Bd6 22. Bxd6 Rxc2 23. Rxc2 Qxa4 24. Bxf8 Kxf8 25. Re2 Qd7 26. Rd1 Qd4 27. Bc2 Qc4 28. Bd3 Qc3 29. Rc2 Qe5 30. Rc8+ Kg7 31. Bb1 h5 32. Rdc1 h4 33. R8c5 Qb2 34. R5c2 Qa3 35. e5 Nd7 36. Re1 Qa5 37. Rce2 Nc5 38. Re3 Kf8 39. Rc1 Nd7 40. Rce1 Qc5 41. Kf1 Qc4+ 42. Kg1 Qc5 43. Kf1 a5 44. Re4 h3 45. Bd3 hxg2+ 46. Kxg2 Qc3 47. R1e3 Qa1 48. Bb5 Nb6 49. Rxg4 Qxa2 50. Rd3 Nd5 51. Rh4 f6 52. exf6 Kf7 53. Rf3 Ne3+ 54. Rxe3 Qd5+ 55. Rf3 Qg5+ 56. Kh3 Qxb5 57. Rh7+ Kf8 58. f7 Qe5 59. Rh4 b3 60. Rxb3 Kxf7 61. Re3 Qb5 62. Rf4+ Ke7 63. Rfe4 Qf5+ 64. Kg2 Qg5+ 65. Kf1 Qb5+ 66. Re2 Qb1+ 67. Kg2 Qb3 68. R2e3 Qd5 69. f3 a4 70. Kg3 a3 71. Ra4 a2 72. Rea3 Qg5+ 1/2-1/2

[Event "Ho Chi Minh City HD Bank op 3rd"]
[Site "Ho Chi Minh City"]
[Date "2013.03.20"]
[Round "3"]
[White "Vo Dai Hoai, Duc"]
[Black "Hoang Canh, Huan"]
[Result "0-1"]
[WhiteElo "2192"]
[BlackElo "2371"]
[PlyCount "56"]
[EventDate "2013.03.19"]
[EventType "swiss"]
[EventRounds "9"]
[EventCountry "VIE"]
[SourceTitle "CBM 153 Extra"]
[Source "ChessBase"]
[SourceDate "2013.04.22"]
[SourceVersion "1"]
[SourceVersionDate "2013.04.22"]
[SourceQuality "1"]

1. d4 g6 2. e4 Bg7 3. c3 d6 4. Nf3 Nc6 5. Bc4 Nf6 6. Qe2 e5 7. dxe5 Nxe5 8. Nxe5 dxe5 9. 0-0 0-0 10. Rd1 Qe7 11. Bg5 h6 12. Bh4 c6 13. a4 Qc7 14. Na3 a6 15. Bb3 Bg4 16. f3 Qb6+ 17. Bf2 Qxb3 18. Nc4 b5 19. Nb6 Bxf3 20. gxf3 Rad8 21. axb5 axb5 22. Bc5 Rfe8 23. Rxd8 Rxd8 24. Be7 Re8 25. Ra7 Nh5 26. Qd2 Nf4 27. Bc5 Bf6 28. Qd7 Rd8 0-1

[Event "VIE-ch"]
[Site "Ho Chi Minh City"]
[Date "2012.12.05"]
[Round "9"]
[White "Hoang Canh, Huan"]
[Black "Tran, Tuan Minh"]
[Result "0-1"]
[WhiteElo "2391"]
[BlackElo "2246"]
[PlyCount "94"]
[EventDate "2012.11.29"]
[EventType "swiss"]
[EventRounds "9"]
[EventCountry "VIE"]
[SourceTitle "CBM 151 Extra"]
[Source "ChessBase"]
[SourceDate "2012.12.18"]
[SourceVersion "1"]
[SourceVersionDate "2012.12.18"]
[SourceQuality "1"]

1. e4 e6 2. Qe2 c5 3. Nf3 Nc6 4. g3 g6 5. Bg2 Bg7 6. 0-0 Nge7 7. d3 0-0 8. Re1 d6 9. Nbd2 Rb8 10. a4 a6 11. h3 b5 12. axb5 axb5 13. Nb3 Qb6 14. Bf4 Bxb2 15. Rab1 Be5 16. Nxe5 dxe5 17. Be3 Nd4 18. Nxd4 exd4 19. Bh6 Re8 20. Qf3 f5 21. Qf4 Rb7 22. exf5 Nxf5 23. Bxb7 Bxb7 24. Bg5 b4 25. Qe5 h6 26. Bf4 g5 27. Bxg5 hxg5 28. Qf6 Re7 29. Qg6+ Kf8 30. Qxg5 Qc6 31. Re4 Nd6 32. Rf4+ Ke8 33. f3 Kd7 34. Re1 Rf7 35. Rxf7+ Nxf7 36. Qf6 Qxf3 37. Qxf3 Bxf3 38. g4 c4 39. dxc4 b3 40. cxb3 d3 41. Re3 Ne5 42. Rxf3 Nxf3+ 43. Kf2 d2 44. Ke2 e5 45. h4 e4 46. h5 e3 47. h6 Ng1+ 0-1

[Event "VIE-ch"]
[Site "Ho Chi Minh City"]
[Date "2012.12.02"]
[Round "6"]
[White "Pham, Duc Thang"]
[Black "Hoang Canh, Huan"]
[Result "0-1"]
[WhiteElo "2206"]
[BlackElo "2391"]
[PlyCount "66"]
[EventDate "2012.11.29"]
[EventType "swiss"]
[EventRounds "9"]
[EventCountry "VIE"]
[SourceTitle "CBM 151 Extra"]
[Source "ChessBase"]
[SourceDate "2012.12.18"]
[SourceVersion "1"]
[SourceVersionDate "2012.12.18"]
[SourceQuality "1"]

1. d4 g6 2. Nf3 Bg7 3. e4 d6 4. Bc4 e6 5. Nc3 Nd7 6. 0-0 Ne7 7. Bf4 a6 8. a3 b5 9. Ba2 Bb7 10. Qd2 h6 11. h3 Nb6 12. d5 e5 13. Be3 f5 14. Nh2 f4 15. Bxb6 cxb6 16. a4 bxa4 17. Nxa4 b5 18. Nc3 g5 19. f3 h5 20. Nd1 Qb6+ 21. Qf2 Qd8 22. c4 Bc8 23. Nc3 g4 24. fxg4 hxg4 25. hxg4 Bf6 26. Ne2 Ng6 27. c5 Ra7 28. g3 Rah7 29. Nf3 Bxg4 30. gxf4 Rh1+ 31. Kg2 Bxf3+ 32. Kxf3 R8h3+ 33. Ng3 R1h2 0-1

[Event "VIE-ch"]
[Site "Ho Chi Minh City"]
[Date "2012.12.01"]
[Round "4"]
[White "Doan, Van Duc"]
[Black "Hoang Canh, Huan"]
[Result "0-1"]
[WhiteElo "2116"]
[BlackElo "2391"]
[PlyCount "110"]
[EventDate "2012.11.29"]
[EventType "swiss"]
[EventRounds "9"]
[EventCountry "VIE"]
[SourceTitle "CBM 151 Extra"]
[Source "ChessBase"]
[SourceDate "2012.12.18"]
[SourceVersion "1"]
[SourceVersionDate "2012.12.18"]
[SourceQuality "1"]

1. Nf3 Nf6 2. c4 c6 3. g3 d5 4. Bg2 g6 5. cxd5 cxd5 6. d4 Bg7 7. 0-0 0-0 8. Ne5 Nc6 9. Nc3 e6 10. Nxc6 bxc6 11. Bf4 Nh5 12. Be3 Rb8 13. Na4 Nf6 14. Bf4 Rb5 15. Rc1 Bb7 16. Be5 Bh6 17. Rc2 Ng4 18. Bf4 Bxf4 19. gxf4 Qd6 20. e3 Nf6 21. b3 Nd7 22. Qd3 Nb6 23. Nc5 Nd7 24. Na4 Nb6 25. Nc3 Ra5 26. Qd2 Qd8 27. a4 c5 28. Nb5 Nd7 29. dxc5 a6 30. b4 Rxa4 31. Nc3 Rxb4 32. Na2 Ra4 33. c6 Rxa2 34. Rxa2 Bxc6 35. Rfa1 Bb5 36. Bf1 Qh4 37. f3 Nb6 38. Bxb5 axb5 39. Qa5 Nc4 40. Qxb5 Nxe3 41. Qc5 Qxf4 42. Ra8 Rxa8 43. Rxa8+ Kg7 44. Qf8+ Kf6 45. Ra7 Qg5+ 46. Kf2 Qg2+ 47. Kxe3 Qg1+ 48. Ke2 Qxa7 49. Qh8+ Ke7 50. Qxh7 Qa2+ 51. Ke3 Qa3+ 52. Kf2 Qb2+ 53. Kg3 Qe5+ 54. Kg2 Qg5+ 55. Kf2 Qh5 0-1

[Event "VIE-ch"]
[Site "Ho Chi Minh City"]
[Date "2012.11.30"]
[Round "3"]
[White "Hoang Canh, Huan"]
[Black "Vo, Thanh Ninh"]
[Result "0-1"]
[WhiteElo "2391"]
[BlackElo "2306"]
[PlyCount "182"]
[EventDate "2012.11.29"]
[EventType "swiss"]
[EventRounds "9"]
[EventCountry "VIE"]
[SourceTitle "CBM 151 Extra"]
[Source "ChessBase"]
[SourceDate "2012.12.18"]
[SourceVersion "1"]
[SourceVersionDate "2012.12.18"]
[SourceQuality "1"]

1. e4 c5 2. Nc3 Nc6 3. Bb5 g6 4. Bxc6 dxc6 5. d3 e5 6. f4 exf4 7. Bxf4 Bg7 8. Nf3 Bg4 9. Qd2 Bxf3 10. gxf3 Nf6 11. 0-0-0 Nh5 12. Bg5 Bxc3 13. bxc3 f6 14. Be3 Qa5 15. Kb1 0-0-0 16. Rhe1 Ng7 17. f4 f5 18. Bf2 fxe4 19. Rxe4 Nf5 20. Qe1 b6 21. Re6 Qb5+ 22. Kc1 Qa4 23. Qe4 Qxe4 24. dxe4 Rxd1+ 25. Kxd1 Rd8+ 26. Ke2 Nd6 27. Bh4 Rd7 28. Be7 Nb5 29. f5 Nxc3+ 30. Kf3 gxf5 31. exf5 Rd5 32. Kg4 Rd4+ 33. Kh5 Rd2 34. Bh4 Nd5 35. Bg3 Kd7 36. c4 Ne7 37. Kg5 b5 38. Re4 bxc4 39. f6 Rd5+ 40. Kh6 Ng8+ 41. Kg7 Rg5+ 42. Kf8 Nxf6 43. Re7+ Kc8 44. Rc7+ Kd8 45. Rxa7 Nd7+ 46. Kf7 Rf5+ 47. Kg7 c3 48. Ra3 Rf3 49. Bh4+ Kc8 50. Bg5 Rh3 51. Bf4 h5 52. Rb3 Rh4 53. Bc1 Rxh2 54. Rxc3 Rxa2 55. Ba3 Rh2 56. Kg6 Rh1 57. Kg5 Kc7 58. Bc1 Kb6 59. Rb3+ Ka6 60. Be3 c4 61. Rb4 Rh3 62. Rxc4 Kb5 63. Re4 c5 64. Bxc5 Kxc5 65. Re7 Nf8 66. Re8 Nd7 67. Rh8 Rg3+ 68. Kh4 Rg4+ 69. Kh3 Rg5 70. Kh4 Rg4+ 71. Kh3 Rg1 72. Rxh5+ Kd4 73. Kh2 Rg4 74. Kh3 Rg1 75. Kh2 Rg6 76. Rh4+ Ke3 77. Ra4 Nc5 78. Ra3+ Kf4 79. Ra8 Ne4 80. Rf8+ Nf6 81. Ra8 Nd5 82. Rf8+ Ke4 83. Ra8 Kf3 84. Rf8+ Nf4 85. Rh8 Rg4 86. Rh7 Kf2 87. Rh8 Rg2+ 88. Kh1 Rg7 89. Kh2 Ng6 90. Kh1 Nf4 91. Kh2 Ng6 0-1

[Event "VIE-chT"]
[Site "Ho Chi Minh City"]
[Date "2012.09.23"]
[Round "4"]
[White "Hoang Canh, Huan"]
[Black "Hoang, Van Ngoc"]
[Result "1-0"]
[WhiteElo "2395"]
[BlackElo "2251"]
[PlyCount "61"]
[EventDate "2012.09.21"]
[EventType "team-tourn"]
[EventRounds "9"]
[EventCountry "VIE"]
[SourceTitle "CBM 150 Extra"]
[Source "ChessBase"]
[SourceDate "2012.10.19"]
[SourceVersion "1"]
[SourceVersionDate "2012.10.19"]
[SourceQuality "1"]

1. e4 c5 2. Nc3 d6 3. Nf3 Nc6 4. Bb5 Bd7 5. Bxc6 Bxc6 6. d4 cxd4 7. Qxd4 Nf6 8. Bg5 e6 9. 0-0-0 Be7 10. Qd3 Qa5 11. h4 Rc8 12. Nd4 0-0 13. f4 h6 14. Kb1 Rfe8 15. Bxf6 Bxf6 16. g4 Qb4 17. Nde2 d5 18. e5 d4 19. Ne4 Be7 20. Nxd4 Bd5 21. g5 Rc4 22. Rhe1 Rec8 23. Nd6 Bxd6 24. exd6 Qxd6 25. f5 Ra4 26. a3 Qh2 27. fxe6 Rxd4 28. Qxd4 Qxc2+ 29. Ka1 Bxe6 30. gxh6 gxh6 31. Rg1+ 1-0

[Event "VIE-chT"]
[Site "Ho Chi Minh City"]
[Date "2012.09.21"]
[Round "1"]
[White "Le, Huu Thai"]
[Black "Hoang Canh, Huan"]
[Result "1/2-1/2"]
[WhiteElo "2050"]
[BlackElo "2395"]
[PlyCount "94"]
[EventDate "2012.09.21"]
[EventType "team-tourn"]
[EventRounds "9"]
[EventCountry "VIE"]
[SourceTitle "CBM 150 Extra"]
[Source "ChessBase"]
[SourceDate "2012.10.19"]
[SourceVersion "1"]
[SourceVersionDate "2012.10.19"]
[SourceQuality "1"]

1. e4 g6 2. d4 Bg7 3. Nc3 d6 4. Be3 a6 5. a4 Nd7 6. Qd2 b6 7. Bc4 Bb7 8. Nge2 e6 9. 0-0 Ngf6 10. Ng3 d5 11. exd5 exd5 12. Ba2 0-0 13. Bg5 c6 14. h4 Re8 15. Rae1 Nf8 16. Nce2 Ne6 17. c3 a5 18. Bb1 Ba6 19. Bd3 Bxd3 20. Qxd3 Nxg5 21. hxg5 Ng4 22. f4 Re3 23. Qd2 f5 24. Rf3 Re8 25. Nc1 Rxe1+ 26. Qxe1 c5 27. Qe6+ Kh8 28. Nge2 Qe8 29. Qxb6 Rb8 30. Qxc5 Rxb2 31. Qxd5 h5 32. gxh6 Bxh6 33. Qc4 Rd2 34. Qb3 Kh7 35. Qb7+ Kh8 36. Qb3 Qe7 37. c4 Qh4 38. d5 Qh2+ 39. Kf1 Qh1+ 40. Ng1 Nh2+ 41. Ke1 Rxg2 42. Qb8+ Kh7 43. Qc7+ Kg8 44. Qc8+ Bf8 45. Qe6+ Kg7 46. Qd7+ Kg8 47. Qe6+ Kg7 1/2-1/2

[Event "Ho Chi Minh City HD Bank op 2nd"]
[Site "Ho Chi Minh City"]
[Date "2012.03.06"]
[Round "7"]
[White "Hoang Canh, Huan"]
[Black "Nguyen, Thi Thanh An"]
[Result "1-0"]
[WhiteElo "2396"]
[BlackElo "2292"]
[PlyCount "157"]
[EventDate "2012.03.02"]
[EventType "swiss"]
[EventRounds "9"]
[EventCountry "VIE"]
[SourceTitle "CBM 147 Extra"]
[Source "ChessBase"]
[SourceDate "2012.04.24"]
[SourceVersion "1"]
[SourceVersionDate "2012.04.24"]
[SourceQuality "1"]

1. Nf3 Nf6 2. g3 g6 3. Bg2 Bg7 4. c4 0-0 5. Nc3 d6 6. d4 Nc6 7. 0-0 a6 8. b3 Bf5 9. Nh4 Bd7 10. Bb2 Qc8 11. d5 Na7 12. Re1 Bh3 13. Bh1 c5 14. a4 b5 15. axb5 axb5 16. Ra5 bxc4 17. bxc4 Qg4 18. Qa1 Qxc4 19. Rxa7 Rxa7 20. Qxa7 Ng4 21. Qa4 Bd4 22. e3 Nxe3 23. Bg2 Bxg2 24. Nxg2 Qxa4 25. Nxa4 Nxd5 26. Bxd4 cxd4 27. Nf4 Nxf4 28. gxf4 Ra8 29. Nb6 Ra6 30. Nc8 e6 31. Re4 Kf8 32. Rxd4 d5 33. Rb4 Ke8 34. Nb6 Ke7 35. Na4 Kf6 36. Kg2 Kf5 37. Nc3 f6 38. Nd1 e5 39. Ne3+ Ke6 40. fxe5 fxe5 41. Rb5 Rd6 42. Kf3 g5 43. Kg4 h6 44. Kf3 e4+ 45. Ke2 h5 46. Ra5 Rd8 47. Ra6+ Rd6 48. Ra5 Rd8 49. Ra6+ Rd6 50. Ra8 Rb6 51. Re8+ Kd7 52. Re5 d4 53. Rd5+ Rd6 54. Rxg5 dxe3 55. Kxe3 Rd3+ 56. Kxe4 Rh3 57. Rg2 Ke6 58. Rg6+ Kf7 59. Rg2 Ke6 60. f3 Kf7 61. Kf4 Kf6 62. Ke4 Rh4+ 63. f4 Rh3 64. Ra2 Rb3 65. Ra6+ Kf7 66. Ra5 Kg6 67. f5+ Kg5 68. h4+ Kf6 69. Ra6+ Kf7 70. Kf4 Rb4+ 71. Kg5 Rg4+ 72. Kxh5 Rg1 73. Kh6 Rg4 74. h5 Rg1 75. Kh7 Rg5 76. Ra7+ Kf6 77. h6 Rh5 78. Kg8 Rg5+ 79. Rg7 1-0

[Event "Ho Chi Minh City HD Bank op 2nd"]
[Site "Ho Chi Minh City"]
[Date "2012.03.06"]
[Round "8"]
[White "Xiu, Deshun"]
[Black "Hoang Canh, Huan"]
[Result "1-0"]
[WhiteElo "2492"]
[BlackElo "2396"]
[PlyCount "76"]
[EventDate "2012.03.02"]
[EventType "swiss"]
[EventRounds "9"]
[EventCountry "VIE"]
[SourceTitle "CBM 147 Extra"]
[Source "ChessBase"]
[SourceDate "2012.04.24"]
[SourceVersion "1"]
[SourceVersionDate "2012.04.24"]
[SourceQuality "1"]

1. d4 Nf6 2. c4 g6 3. Nc3 Bg7 4. e4 d6 5. Nf3 0-0 6. h3 c5 7. d5 e6 8. Bd3 exd5 9. cxd5 Re8 10. 0-0 a6 11. a4 Nbd7 12. Bf4 c4 13. Bc2 Nc5 14. Re1 Qb6 15. Ra2 Bd7 16. Nd2 Nh5 17. Bh2 Nd3 18. Bxd3 cxd3 19. Nc4 Qd4 20. Nxd6 Re5 21. g4 d2 22. Re3 Rg5 23. Ne2 Bxg4 24. hxg4 Rxg4+ 25. Kf1 Qf6 26. Raa3 Rh4 27. Rh3 Rxh3 28. Rxh3 Qxb2 29. Nc4 Qb4 30. Nxd2 Bh6 31. Rd3 Bxd2 32. Rd4 Qa3 33. Qxd2 Qh3+ 34. Kg1 b5 35. d6 Nf6 36. e5 Nd7 37. Qd3 Qh5 38. Qe4 Re8 1-0

[Event "Ho Chi Minh City HD Bank op 2nd"]
[Site "Ho Chi Minh City"]
[Date "2012.03.04"]
[Round "5"]
[White "Hoang Canh, Huan"]
[Black "Nguyen, Ngoc Truong Son"]
[Result "1/2-1/2"]
[WhiteElo "2396"]
[BlackElo "2662"]
[PlyCount "96"]
[EventDate "2012.03.02"]
[EventType "swiss"]
[EventRounds "9"]
[EventCountry "VIE"]
[SourceTitle "CBM 147 Extra"]
[Source "ChessBase"]
[SourceDate "2012.04.24"]
[SourceVersion "1"]
[SourceVersionDate "2012.04.24"]
[SourceQuality "1"]

1. Nf3 Nf6 2. g3 d5 3. Bg2 e6 4. 0-0 Be7 5. d3 0-0 6. Nbd2 Nc6 7. b3 a5 8. a3 e5 9. c4 d4 10. Rb1 Re8 11. Ne1 Bf5 12. Nc2 Qd7 13. Re1 Bf8 14. Bb2 Rad8 15. Nf3 h6 16. Ba1 Bh7 17. b4 axb4 18. axb4 b5 19. cxb5 Na7 20. Nxe5 Rxe5 21. Bxd4 Qxd4 22. Nxd4 Rxd4 23. Qa4 Nxb5 24. f4 Nc3 25. Qa1 Rxe2 26. Qxc3 Rxd3 27. Qxc7 Rd7 28. Qc8 Bxb1 29. Rxe2 Bf5 30. Re1 g6 31. Qc3 Bg7 32. Qf3 Bf8 33. Qc3 Bg7 34. Bf3 Bf8 35. Qc6 Bxb4 36. Qxf6 Bxe1 37. Qe5 Bb4 38. Bd5 Bd6 39. Qe8+ Kg7 40. Qa8 Bc5+ 41. Kg2 Re7 42. Qa1+ Kg8 43. Qf6 Re2+ 44. Kf1 Re7 45. Kg2 Re2+ 46. Kf1 Re7 47. Kg2 Re2+ 48. Kf1 Re7 1/2-1/2

[Event "VIE-chT"]
[Site "Nha Trang"]
[Date "2009.08.25"]
[Round "6"]
[White "Hoang Canh, Huan"]
[Black "Dang, Duy Linh"]
[Result "1/2-1/2"]
[WhiteElo "2378"]
[BlackElo "2084"]
[PlyCount "29"]
[EventDate "2009.08.21"]
[EventType "team-tourn"]
[EventRounds "11"]
[EventCountry "VIE"]
[SourceTitle "CBM 132 Extra"]
[Source "ChessBase"]
[SourceDate "2009.11.03"]
[SourceVersion "1"]
[SourceVersionDate "2009.11.03"]
[SourceQuality "1"]

1. e4 e5 2. Nf3 Nc6 3. Nc3 Nf6 4. Bb5 d6 5. d4 exd4 6. Qxd4 Bd7 7. Bxc6 Bxc6 8. Bg5 Be7 9. 0-0-0 0-0 10. e5 dxe5 11. Qxe5 Bd6 12. Qd4 Re8 13. Bxf6 Qxf6 14. Qxf6 gxf6 15. Nd4 1/2-1/2

[Event "VIE-chT"]
[Site "Nha Trang"]
[Date "2009.08.21"]
[Round "1"]
[White "Duong, Thuong Cong"]
[Black "Hoang Canh, Huan"]
[Result "0-1"]
[WhiteElo "2003"]
[BlackElo "2378"]
[PlyCount "62"]
[EventDate "2009.08.21"]
[EventType "team-tourn"]
[EventRounds "11"]
[EventCountry "VIE"]
[SourceTitle "CBM 132 Extra"]
[Source "ChessBase"]
[SourceDate "2009.11.03"]
[SourceVersion "1"]
[SourceVersionDate "2009.11.03"]
[SourceQuality "1"]

1. e4 g6 2. d4 Bg7 3. Nc3 d6 4. Be3 a6 5. Nge2 Nd7 6. Ng3 b5 7. Be2 Bb7 8. a3 c5 9. 0-0 cxd4 10. Bxd4 Ngf6 11. f4 Qc7 12. Bf3 0-0 13. Kh1 Rac8 14. Qd3 Rfd8 15. Rad1 e5 16. Be3 Nb6 17. Bc1 exf4 18. Bxf4 Nc4 19. Bc1 Nd7 20. Qe2 Nxb2 21. Bxb2 Bxc3 22. Bxc3 Qxc3 23. Rxd6 Ne5 24. Rb6 Rd2 25. Qe1 Nxf3 26. Rxf3 Qxc2 27. Qg1 Rd1 28. Nf1 Bxe4 29. Rf2 Qd3 30. Rbf6 Bf5 31. h3 Rcc1 0-1

[Event "Asian Continental op 08th"]
[Site "Subic Bay"]
[Date "2009.05.19"]
[Round "7"]
[White "Jia, Haoxiang"]
[Black "Hoang Canh, Huan"]
[Result "1/2-1/2"]
[WhiteElo "2344"]
[BlackElo "2378"]
[PlyCount "97"]
[EventDate "2009.05.13"]
[EventType "swiss"]
[EventRounds "11"]
[EventCountry "PHI"]
[SourceTitle "CBM 130 Extra"]
[Source "ChessBase"]
[SourceDate "2009.07.02"]
[SourceVersion "2"]
[SourceVersionDate "2009.07.15"]
[SourceQuality "1"]

1. d4 g6 2. c4 Bg7 3. Nf3 d6 4. Nc3 Nf6 5. e4 0-0 6. Be2 c5 7. d5 e6 8. 0-0 exd5 9. cxd5 Re8 10. Nd2 a6 11. a4 Nbd7 12. h3 b6 13. Qc2 Rb8 14. Re1 h6 15. Nc4 Ne5 16. Ne3 g5 17. Bd2 Re7 18. Nf5 Bxf5 19. exf5 Qc8 20. f4 gxf4 21. Bxf4 c4 22. Kh1 b5 23. axb5 axb5 24. Bf3 b4 25. Bxe5 Rxe5 26. Rxe5 bxc3 27. Re3 cxb2 28. Rb1 Rb4 29. Qd2 Qc5 30. Ra3 Nd7 31. f6 Bxf6 32. Qxh6 Bg7 33. Ra8+ Rb8 34. Rxb8+ Nxb8 35. Qg5 Qb6 36. h4 c3 37. Be4 Nd7 38. h5 Kf8 39. h6 Bf6 40. Qf5 Qe3 41. h7 Qh6+ 42. Kg1 Bd4+ 43. Kf1 Qc1+ 44. Ke2 Qe3+ 45. Kf1 Nc5 46. Re1 Qg1+ 47. Ke2 Qe3+ 48. Kf1 Qg1+ 49. Ke2 1/2-1/2

[Event "Asian Continental op 08th"]
[Site "Subic Bay"]
[Date "2009.05.13"]
[Round "1"]
[White "Kunte, Abhijit"]
[Black "Hoang Canh, Huan"]
[Result "1/2-1/2"]
[WhiteElo "2513"]
[BlackElo "2378"]
[PlyCount "160"]
[EventDate "2009.05.13"]
[EventType "swiss"]
[EventRounds "11"]
[EventCountry "PHI"]
[SourceTitle "CBM 130 Extra"]
[Source "ChessBase"]
[SourceDate "2009.07.02"]
[SourceVersion "2"]
[SourceVersionDate "2009.07.15"]
[SourceQuality "1"]

1. d4 g6 2. Nf3 Bg7 3. g3 d6 4. Bg2 Nf6 5. 0-0 0-0 6. Re1 c5 7. c3 Qc7 8. e4 e5 9. Na3 a6 10. dxe5 dxe5 11. Nc4 Nc6 12. Qd6 Qxd6 13. Nxd6 b5 14. a4 Rb8 15. axb5 axb5 16. Be3 c4 17. Nxc8 Rfxc8 18. Bh3 Rc7 19. Nd2 h5 20. Ra6 Ng4 21. Bb6 Rd7 22. Nf1 Bf8 23. Bxg4 hxg4 24. Ne3 Rbb7 25. Nxg4 Nb8 26. Nf6+ Kg7 27. Nxd7 Nxa6 28. Rd1 Be7 29. Be3 f6 30. Kg2 b4 31. Nb6 bxc3 32. bxc3 Nc5 33. Bxc5 Bxc5 34. Nxc4 Rc7 35. Rd3 Kf7 36. Ne3 Ke6 37. f4 exf4 38. gxf4 f5 39. Kf3 Rh7 40. exf5+ gxf5 41. Nxf5 Rxh2 42. Ng3 Bd6 43. c4 Bxf4 44. Ne2 Be5 45. Nd4+ Kd6 46. Nb3+ Kc6 47. Ke4 Re2+ 48. Kf5 Bb2 49. Rg3 Re5+ 50. Kf4 Re7 51. Rg6+ Kc7 52. Nc5 Be5+ 53. Kf5 Bd6 54. Ne6+ Kd7 55. Rh6 Re8 56. c5 Bxc5 57. Nxc5+ Kc7 58. Ne6+ Kb7 59. Ke5 Kc6 60. Rh7 Rc8 61. Rg7 Kb6 62. Kd5 Rc1 63. Rg8 Rd1+ 64. Nd4 Rc1 65. Rg6+ Kb7 66. Rg2 Kb6 67. Rb2+ Ka6 68. Ne6 Rh1 69. Kc6 Ka5 70. Rb5+ Ka4 71. Nc5+ Ka3 72. Kd5 Rh5+ 73. Kc4 Rh4+ 74. Kc3 Rh3+ 75. Nd3 Ka4 76. Rg5 Rf3 77. Kc4 Rh3 78. Nc5+ Ka3 79. Rg4 Rf3 80. Ne4 Rh3 1/2-1/2

[Event "VIE-ch KO 3rd-4th"]
[Site "Hanoi"]
[Date "2009.02.26"]
[Round "2.2"]
[White "Hoang Canh, Huan"]
[Black "Nguyen, Hoang Nam2222"]
[Result "0-1"]
[WhiteElo "2378"]
[BlackElo "2281"]
[PlyCount "88"]
[EventDate "2009.02.23"]
[EventType "match"]
[EventRounds "2"]
[EventCountry "VIE"]
[SourceTitle "CBM 129 Extra"]
[Source "ChessBase"]
[SourceDate "2009.05.05"]
[SourceVersion "2"]
[SourceVersionDate "2009.05.20"]
[SourceQuality "1"]

1. Nf3 Nf6 2. g3 b5 3. Bg2 Bb7 4. 0-0 e6 5. b3 c5 6. Bb2 d6 7. d3 Nbd7 8. Nbd2 Be7 9. e4 0-0 10. Re1 Qb6 11. a4 a6 12. h3 Rfe8 13. Qe2 Bf8 14. axb5 axb5 15. Kh2 e5 16. Rxa8 Bxa8 17. Ra1 Bc6 18. Bc1 d5 19. c4 dxc4 20. dxc4 Qb7 21. Ne1 g6 22. Nc2 Bh6 23. cxb5 Bxb5 24. Nc4 Bxc1 25. Rxc1 Rb8 26. N2e3 Bxc4 27. bxc4 Qa6 28. Rc2 Nf8 29. Ra2 Qb7 30. Nd5 N6d7 31. h4 Ne6 32. Bh3 Nd4 33. Qe3 Nf8 34. Qh6 Qb3 35. Ra6 Qc2 36. Rf6 Rb7 37. Rf5 Nde6 38. Rf3 f5 39. Nf6+ Kf7 40. exf5 Nd4 41. fxg6+ hxg6 42. Bg2 Nxf3+ 43. Kh3 Qf5+ 44. Ng4 e4 0-1